| 000 | 01180nam a2200301Ia 4500 | ||
|---|---|---|---|
| 005 | 20220316235217.0 | ||
| 008 | 121119s2000 sp a gr 000 f spa | ||
| 020 | _a8420444367 | ||
| 041 | _aspa | ||
| 100 | 1 |
_aDahl, Roald _d1916-1990 |
|
| 245 | 1 | 0 |
_aAgu Trot _cRoald Dahl |
| 250 | _aDoceava edición | ||
| 300 |
_a64 páginas _bilustraciones _c19 cm |
||
| 490 | 0 | _aInfantil : morada | |
| 520 | 3 | _aEn la vida del señor Hoppy hay dos amores. Uno son las flores de su balcón. El otro es su vecina, la señora Silver. ¡Pero éste último es un secreto! Ella sólo está pendiente de su tortuga Alfie que, en su opinión crece muy despacio. El señor Hoppy quiere hacer feliz a la señora Silver | |
| 534 | _bTítulo original: Esio Trot | ||
| 650 | 1 | 4 |
_aAutores Ingleses _2LEMB |
| 650 | 1 | 4 |
_aCuentos Infantiles Ingleses _2LEMB |
| 650 | 1 | 4 |
_aLiteratura infantil inglesa _2LEMB |
| 650 | 1 | 4 |
_aLectores en marcha _2LEMB |
| 942 |
_2loc _cBKINF |
||
| 264 |
_aMadrid _bEdiciones Alfaguara _c2000 |
||
| 336 |
_atexto _btxt _2rdacontent |
||
| 337 |
_asin mediación _bn _2rdamedia |
||
| 338 |
_avolumen _bnc _2rdacarrier |
||
| 040 |
_aCO-BoRNBP _bspa _erda _cCO-BoRNBP |
||
| 084 | _aC DAH1 | ||
| 999 |
_c236 _d236 |
||